Deploying Virtual Private Networks with Microsoft Windows Server 2003
Guardat en:
| Autor principal: | |
|---|---|
| Format: | Llibre |
| Idioma: | Undetermined |
| Publicat: |
Washington
Microsoft Press
2004
|
| Matèries: | |
| Etiquetes: |
Afegir etiqueta
Sense etiquetes, Sigues el primer a etiquetar aquest registre!
|
| Thư viện lưu trữ: | Trung tâm Học liệu Trường Đại học Cần Thơ |
|---|
| LEADER | 00568nam a2200181Ia 4500 | ||
|---|---|---|---|
| 001 | CTU_81917 | ||
| 008 | 210402s9999 xx 000 0 und d | ||
| 082 | |a 004.6 | ||
| 082 | |b D248 | ||
| 100 | |a Davies, Joseph | ||
| 245 | 0 | |a Deploying Virtual Private Networks with Microsoft Windows Server 2003 | |
| 245 | 0 | |c Joseph Davies, Elliot Lewis | |
| 260 | |a Washington | ||
| 260 | |b Microsoft Press | ||
| 260 | |c 2004 | ||
| 650 | |a Extranets ( computer networks),Microsoft windows server | ||
| 904 | |i Năm,Hải | ||
| 980 | |a Trung tâm Học liệu Trường Đại học Cần Thơ | ||